=LDR 00000nam 2200000 4500 =001 NUTBA000000000002364 =005 20140613094828.0 =006 =007 =008 =020 ##$$a 979-28-0199-6 =035 ##$$a 0010-061400000000307 =040 ##$$a NBPDMAT =082 ##$$a 752 =090 ##$$a 752 $b Ran m =100 ##$$a Rantinah Sastra =245 ##$$a Mengenal warna / $c Rantinah Sastra =260 ##$$a Klaten : $b Intan Pariwara, $c 2007 =300 ##$$a vi, 50 hlm. : $b ilus. ; $c 25 cm. =500 ##$$a Bibliografi : hlm. 50 =650 ##$$a Warna =850 ##$$a NBPDMAT =990 ##$$a 21402217